LEADER 01247nam a2200289 i 4500 001 000000154106 003 CaOOAMICUS 005 20090409000000.0 008 090409s1964 it u000 u ita u 013 $a131452 040 $aSeMil$bita 100 1 $aBarilli, Aristide.$0(OLS)http://semarc/name/60291 245 10$aParma :$baltera e gentile /$cDi Aristide Barilli ; con una breve cronologia bodoniana di Piero Trevisani ; illustrazioni a cura di Enrico Bona. 260 $aMilano ; Roma :$bAlmanacco Torriani,$c1964. 300 $a82 p. :$bill. ;$c26 cm. 490 0 $aI libri del tempo ;$v9. 500 $aFondo Card. Giovanni Colombo. 650 4$aParma.$0(OLS)http://semarc/subject/30148 700 1 $aBona, Enrico.$0(OLS)http://semarc/name/60292 700 1 $aTrevisani, Piero,$d<1886-1969>.$0(OLS)http://semarc/name/40214 830 2$aI libri del tempo ;$v9.$0(OLS)http://semarc/title/26654 850 $aSeMil 852 $aSeMil$W1$xVenegono$y1$m3P III 320$j105969$B105969$CSeMilBibl$Z2$F142692 $81 941 1 $a3 961 $aLascito: Colombo Card. Giovanni 996 $6245$aParma :$baltera e gentile$9(OLS)http://semarc/title/225489 996 $6260$aMilano ; Roma :$bAlmanacco Torriani$9(OLS)http://semarc/publisher/35292 LEADER 01033nam a2200193 i 4500 001 000000241224 003 CaOOAMICUS 005 20150427000000.0 008 150427s1778 it u000 u ita u 013 $a220129 026 $ae-ed a.r- 8.5. 2E1B (3) 1778 (R) 040 $aSeMil$bita 245 10$aTomo 10. Contenente la storia della chiesa dall'anno 1098 all'anno 1138. 300 $axij, 540 p. 500 $aSegn. : a6 A-2X 8/4 2Y6. 773 0 $aOrsi, Giuseppe Agostino $tDella Istoria ecclesiastica dell'eminentissimo cardinale Giuseppe Agostino Orsi dell'Ordine de' Predicatori proseguita da fr. Filippo Angelico Becchetti del medesimo ordine. Tomo 1. [-17.].$dIn Roma : Dalla stamperia, ed a spese di Paolo Giunchi, provisore di libri della Biblioteca Vaticana, 1770-1788.$g10$w()31796 850 $aSeMil 852 $aSeMil$W1$xVenegono$y1$m3F I 22 FA$j191570$B191570$CSeMilBibl$Z2$F202359 $8I 996 $6245$aTomo 10. Contenente la storia della chiesa dall'anno 1098 all'anno 1138$9(OLS)http://semarc/title/342917